000
00336nam a2200157Ia 4500
003
OSt
005
20231118070404.0
008
170524s9999 xx 000 0 und d
020
_a
88-476-0311-0
040
_c
IIMT
100
_a
English Edition
245
0
_a
Eating in sicily
260
_b
Bonechi
260
_c
1999
942
_2
ddc
_c
02
999
_c
7041
_d
7041